000 00719nam a2200217 a 4500
001 000039291
005 20240412074300.0
008 130621s2013 dr a 000 p spa d
020 _a9789945165418
040 _aDO-SdBNP
_bspa
_cBNPHU
082 _aRD861.44
_bH557s
100 1 _aHernández Leonardo, Dionicio
_965483
245 1 0 _aSueños de amor y una despedida /
_cDionicio Hernández Leonardo.
260 _aSanto Domingo :
_bBúho,
_c2013.
300 _a82 p. :
_bils. ;
_c25 cm.
500 _aIncluye datos biográficos del autor en la solapa de la cubierta
590 _aInventariado, 2018/LP
650 0 _aPoesía dominicana
_966
650 0 _aLiteratura dominicana.
_967
910 _aControl de calidad MFF
999 _c38781
_d38781